Normal view
MARC view
Entry Personal Name
001 - CONTROL NUMBER
- control field: 18345
003 - CONTROL NUMBER IDENTIFIER
- control field: AUA.1
005 - DATE AND TIME OF LATEST TRANSACTION
- control field: 20111222095010.0
008 - FIXED-LENGTH DATA ELEMENTS
- fixed length control field: 111222|||a|||||| | ||| d
040 ## - CATALOGING SOURCE
- Original cataloging agency: AUA.1
- Transcribing agency: AUA.1
100 ## - HEADING--PERSONAL NAME
- Personal name: Editors,Bruce M. Metzger,David A.Hubbard, Glenn W.Barker, John D.W. Watts, Ralph P.Martin
670 ## - SOURCE DATA FOUND
- Source citation: Work cat.: (AUA.1): Devries, Simon J. 18343, Word Biblical commentary;, 1985